Districts in Ağrı - Statistics

General Stats
  • This quiz has been taken 11 times
  • The average score is 4 of 8
Answer Stats
District % Correct
Ağrı Merkez
100%
Doğubayazıt
100%
Patnos
100%
Eleşkirt
67%
Hamur
33%
Taşlıçay
33%
Diyadin
0%
Tutak
0%
No matching quizzes found
Score Distribution
Percent of People with Each Score
Percentile by Number Answered
Your Score History
You have not taken this quiz